000 00912nam a22002295i 4500
001 172094
003 ES-MaACL
005 20250712063134.0
008 090615e1919 pl |||| | pol d
080 _a821.134.2 Cervantes Saavedra, Miguel de 7 Quijote.07
100 1 _aSobeski, Michal,
_d1877-1939
_eaut
_9140676
245 1 3 _aNa margininesie Don Kiszota /
_cMichal Sobeski.
260 _aPoznaú :
_bPracy,
_c1919.
300 _a117 páginas ;
_c20 cm.
530 _aDisponible en formato digital
600 1 4 _937618
_aCervantes Saavedra, Miguel de,
_d1547-1616.
_tDon Quijote de la Mancha-
_xCrítica e interpretación
852 _aES-MaACL
_cDEPO2
_hDonativo Peiper
_jG-1099
856 _uhttps://sbc.org.pl/dlibra/publication/edition/96354
_yVersión en línea
_z(Śląska Biblioteka Cyfrowa)
942 _2udc
_cMONOGRAFIA
_n0
999 _c172094
_d172094